Score 0/34 Timer 05:00
5 Plays Today
% Correct
BATMAN
94.8%
STARSKY
91.7%
BEAVIS
91.5%
MONIS
90.7%
MICKEY
90.3%
SONNY
89.3%
JACK
89.2%
ADAM
88%
MOORE
85.2%
BERT
83.8%
NER
83.6%
TOM
83.2%
NOBINE
82%
CHIP
80.4%
SHLANE
80%
HECHEC
79.5%
ABBOTT
79.4%
% Correct
LAVERNE
77.6%
THCUB
74%
PENN
73.2%
CAGNEY
72.1%
LIVANC
70.1%
DONNY
70.1%
ANTONY
69.6%
HALL
69.3%
LEMATH
68.5%
LENNON
67.3%
FRODO
66.1%
RATANZ
62.8%
SHOLEM
61.3%
REALUL
59.8%
ZIZEO
52%
LEGBRIT
43.7%
SHEDRATALC
31.1%
Remove Ads.
Support Sporcle.
Get the best of Sporcle when you Go Orange. This ad-free experience offers more features, more stats, and more fun while also helping to support Sporcle. Thank you for becoming a member.

You're not logged in!

Compare scores with friends on all Sporcle quizzes.
OR
Log In

Show Comments

Extras

Top Quizzes Today


Score Distribution

Your Account Isn't Verified!

In order to create a playlist on Sporcle, you need to verify the email address you used during registration. Go to your Sporcle Settings to finish the process.

Report this User

Report this user for behavior that violates our Community Guidelines.

Details: